书目信息 |
| 题名: |
新型冠状病毒肺炎疫情期间医务人员心理危机干预手册
|
|
| 作者: | 况利 主编 | |
| 分册: | ||
| 出版信息: | 北京 中华医学电子音像出版社 2021.1 |
|
| 页数: | 115页 | |
| 开本: | 21cm | |
| 丛书名: | ||
| 单 册: | ||
| 中图分类: | R395.6 , R192 | |
| 科图分类: | ||
| 主题词: | 日冕形病毒--病毒病--肺炎--心理干预--手册 , 医药卫生人员--手册 | |
| 电子资源: | ||
| ISBN: | 978-7-83005-205-8 | |
| 000 | 01221nam0 2200253 45 | |
| 001 | 482500 | |
| 005 | 20140818104956.0 | |
| 010 | @a978-7-83005-205-8@dCNY22.00 | |
| 100 | @a20200331d2020 em y0chiy0110 ea | |
| 101 | 0 | @achi |
| 102 | @aCN@b110000 | |
| 105 | @ay z 000yy | |
| 106 | @ar | |
| 200 | 1 | @a新型冠状病毒肺炎疫情期间医务人员心理危机干预手册@Axin xing guan zhuang bing du fei yan yi qing qi jian yi wu ren yuan xin li wei ji gan yu shou ce@f况利主编 |
| 210 | @a北京@c中华医学电子音像出版社@d2021.1 | |
| 215 | @a115页@d21cm | |
| 330 | @a内容提要:本书由中华医学会行为医学分会组织相关专家编写而成,内容包括一线医务人员心理健康测评、一线医务人员救援前的岗前培训、一线医务人员救援中的心理干预、一线医务人员救援结束后的心理干预、抗击疫情期间一线医务人员的睡眠保健、一线医务人员疫情期间常见问题答疑、心理调适技术、典型心理危机干预案例。旨在帮助一线医务人员缓解工作压力、调控情绪压力、维护心理健康、提高工作效率、坚定必胜信心。适合参与一线救援的医务人员及其家属阅读参考。 | |
| 606 | 0 | @a日冕形病毒@x病毒病@x肺炎@x心理干预@j手册 |
| 606 | 0 | @a医药卫生人员@j手册 |
| 690 | @aR395.6@v5 | |
| 690 | @aR192@v5 | |
| 701 | 0 | @a况利@Akuang li@4主编 |
| 801 | @aCN@bAHXH@c20210922 | |
| 905 | @b1358082-6@dR395.6@e375@f5 | |
| 新型冠状病毒肺炎疫情期间医务人员心理危机干预手册/况利主编.-北京:中华医学电子音像出版社,2021.1 |
| 115页;21cm |
| ISBN 978-7-83005-205-8:CNY22.00 |
| 内容提要:本书由中华医学会行为医学分会组织相关专家编写而成,内容包括一线医务人员心理健康测评、一线医务人员救援前的岗前培训、一线医务人员救援中的心理干预、一线医务人员救援结束后的心理干预、抗击疫情期间一线医务人员的睡眠保健、一线医务人员疫情期间常见问题答疑、心理调适技术、典型心理危机干预案例。旨在帮助一线医务人员缓解工作压力、调控情绪压力、维护心理健康、提高工作效率、坚定必胜信心。适合参与一线救援的医务人员及其家属阅读参考。 |
| ● |
| 相关链接 |
|
|
|
|
正题名:新型冠状病毒肺炎疫情期间医务人员心理危机干预手册
索取号:R395.6/375
 
预约/预借
| 序号 | 登录号 | 条形码 | 馆藏地/架位号 | 状态 | 备注 |
| 1 | 1358082 | 213580828 | 第二样本阅览室/ [索取号:R395.6/375] | 在馆 | |
| 2 | 1358083 | 213580837 | 教育系资料室/ [索取号:R395.6/375] | 在馆 | |
| 3 | 1358084 | 213580846 | 教育系资料室/ [索取号:R395.6/375] | 在馆 | |
| 4 | 1358085 | 213580855 | 第三借阅区/ [索取号:R395.6/375] | 在馆 | |
| 5 | 1358086 | 213580864 | 第三借阅区/ [索取号:R395.6/375] | 在馆 |